| 000 | 00512cam a2200205ua 4500 | ||
|---|---|---|---|
| 001 | 2377 | ||
| 005 | 20260515113459.0 | ||
| 008 | 110808n ii |||gr||||Z||||||eng | ||
| 040 | _cMAIN | ||
| 082 | _a327 | ||
| 100 | 1 | _aSrivastava, L S., | |
| 245 |
_aInternational Relations. _cBy L S Srivastava. |
||
| 250 | _a3rd. | ||
| 260 |
_aNew Delhi: _bGoel publishing. |
||
| 300 |
_avi, 167 p.: _c23 cm. |
||
| 653 | _aPolitical science. | ||
| 653 | _aInternational relations. | ||
| 700 | 1 | _aJoshi, V P., | |
| 942 | _cBK | ||
| 999 |
_c2232 _d2232 |
||